| 000 | 00607 a2200229 4500 | ||
|---|---|---|---|
| 005 | 20260116163148.0 | ||
| 008 | 260115b |||||||| |||| 00| 0 eng d | ||
| 020 |
_a9789351422273 _cRs. 715.00 |
||
| 040 | _aMAIN | ||
| 082 |
_a572.43 _bU1B(4) |
||
| 100 | _aUppadhaya, Avinash | ||
| 245 | _aBiophysical chemistry: Principles and techniques | ||
| 250 | _a4th | ||
| 260 |
_bHimalaya Publishing House _c2024 _aMumbai |
||
| 300 | _a618 | ||
| 650 | _aBiochemistry | ||
| 650 | _aBiophysical chemistry | ||
| 650 | _aBiology | ||
| 700 | _aUpadhyay, Kakoli | ||
| 700 | _aNath, Nirmalendu | ||
| 942 | _cBK | ||
| 999 |
_c395114 _d395114 |
||